Normal view
MARC view
Entry Topical Term
001 - CONTROL NUMBER
- control field: 26005
003 - CONTROL NUMBER IDENTIFIER
- control field:
005 - DATE AND TIME OF LATEST TRANSACTION
- control field: 20251017104018.0
008 - FIXED-LENGTH DATA ELEMENTS
- fixed length control field: 251017|| aca||aabn | a|a d
040 ## - CATALOGING SOURCE
- Original cataloging agency:
- Transcribing agency:
150 ## - HEADING--TOPICAL TERM
- Topical term or geographic name as entry element: Christian converts from Islam
670 ## - SOURCE DATA FOUND
- Source citation: Work cat.: ()13383: Qureshi, Nabeel, author. 26003, Seeking Allah, finding Jesus :, 2014.